Datum a čas kvízu
28
Celkem bodů
Celkový počet nahraných bodů na tomto kvízu bez doplňovacích otázek.
2.
Pořadí na kvízu
Konečné umístění týmu na tomto kvízu.
Zaznamenané odpovědi
| # | Otázka | Odpověď | Body | Výsledky |
|---|---|---|---|---|
| 1. | Centrum pro výzkum veřejného m... | 1A 2C 3B 4D | 1 | |
| 2. | Letadlo charterové společnosti... | Edinburgh | 1 | |
| 3. | Po deseti letech výstavby otev... | o Kataru | 0 | |
| 4. | Tři moravské pivovary přestan... | Litovel, Zubr, Holba | 0 | |
| 5. | Fotbalistům Colchesteru United... | hamburger | 0 | |
| 6. | Vaším úkolem bude uhodnout kře... | Jan / Stanislav Tříska | 0 | |
| 7. | Čtvrté nejčastější příjmení v... | Petr / Pavel / Petra Svoboda | 0 | |
| 8. | Úspěšný kanadský režisér se na... | James / David Cameron | 1 | |
| 9. | Tento anglický herec, držitel... | Clive / Michael Owen | 0 | |
| 10. | Tento francouzský filozof, spi... | Jean-Jacques / Henri Rousseau | 0 |